|
|
|
|
| LEADER |
00000nam0a2200000 4500 |
| 001 |
368101 |
| 005 |
20231102012041.0 |
| 035 |
|
|
|a (RuTPU)RU\TPU\retro\25464
|
| 090 |
|
|
|a 368101
|
| 100 |
|
|
|a 20220330d1979 km y0rusy50 ca
|
| 101 |
0 |
|
|a rus
|
| 102 |
|
|
|a RU
|
| 105 |
|
|
|a y z 001zy
|
| 200 |
1 |
|
|a Химическая промышленность Сибири. Условия и направления развития
|f Академия наук СССР, Сибирское отделение, Институт экономики и организации промышленного производства ; под ред. В. Э. Попова
|
| 210 |
|
|
|a Новосибирск
|c Наука
|d 1979
|
| 215 |
|
|
|a 192 с.
|c ил.
|
| 320 |
|
|
|a Библиография в ссылках
|
| 606 |
1 |
|
|a Химическая промышленность
|x История
|2 stltpush
|3 (RuTPU)RU\TPU\subj\74676
|9 86766
|
| 610 |
1 |
|
|a Сибирь
|
| 610 |
1 |
|
|a экономическое развитие
|
| 610 |
1 |
|
|a химический комплекс
|
| 610 |
1 |
|
|a нефтехимическая промышленность
|
| 610 |
1 |
|
|a углехимические предприятия
|
| 610 |
1 |
|
|a лесохимические производства
|
| 610 |
1 |
|
|a химизация
|
| 610 |
1 |
|
|a экономическая эффективность
|
| 675 |
|
|
|a 66(09)
|v 4
|
| 702 |
|
1 |
|a Попов
|b В. Э.
|4 340
|
| 712 |
0 |
2 |
|a Академия наук СССР
|b Сибирское отделение
|b Институт экономики и организации промышленного производства
|c (Новосибирск)
|2 stltpush
|3 (RuTPU)RU\TPU\col\12174
|9 25345
|
| 801 |
|
1 |
|a RU
|b 63413507
|c 20220330
|
| 942 |
|
|
|c BK
|